000 00341nam a2200133Ia 4500
008 240624s9999 xx 000 0 und d
041 _aeng
082 _a823 SHE
100 _aDONOVAN JACK
245 _aPOEMS OF SHELLEY 1819 1820 VOLUME III
260 _c2011
_aLondon
_bLongman
300 _axxxv, : 743 : p. : cm. ; 22
365 _cGBP
_b25
999 _c19647
_d19647